| 000 | 00000nam##2200000za#4500 |
| 001 | 9.696111 |
| 003 | CaOODSP |
| 005 | 20230202144025 |
| 007 | cr ||||||||||| |
| 008 | 150407|2000||||xxc|||||o f|0| 0 eng|d |
| 040 | |aCaOODSP|beng |
| 043 | |an-cn--- |
| 086 | 1 |aH72-21/173-2000E-PDF |
| 110 | 2 |aNational Clearinghouse on Family Violence (Canada). |
| 245 | 10|aAbuse of children with disabilities / |h[electronic resource]|cprepared by Catherine Frazee with the assistance of Patricia Seeley. |
| 260 | |aOttawa - Ontario : |bPublic Health Agency of Canada. |cAugust 2000. |
| 300 | |a12p.|breferences |
| 590 | |a12-24-Supp|b2012-05-30 |
| 690 | 07|aViolence against children|2gcpds |
| 690 | 07|aPersons with disabilities|2gcpds |
| 690 | 07|aChildren|2gcpds |
| 720 | 1 |aFrazee, Catherine |
| 720 | 1 |aSeeley, Patricia |
| 775 | 08|tMauvais traitements d'enfants handicapés / |w(CaOODSP)9.640232 |
| 776 | 0#|tAbuse of children with disabilities |w(CaOODSP)9.647724 |
| 856 | 40|ahttp://publications.gc.ca|qPDF|s119 KB|uhttps://publications.gc.ca/collections/collection_2012/sc-hc/H72-21-173-2000-eng.pdf |